000 02055cam a2200469L 4500
001 79414
005 20230404125800.0
008 091206s2000 mauab b 001 0 eng d
010 _a99089830
035 _a(OCoLC)ocn474575139
040 _aDKDLA
_bdan
_cDKDLA
020 _a0395516064
020 _a9780395516065
020 _a0618154582
035 _a(OCoLC)474575139
050 1 4 _a002 E 183.8
_bG877o 2000
100 1 _aGrose, Peter,
_d1934
245 1 0 _aOperation Rollback :
_bAmerica's secret war behind the Iron Curtain/
_bPeter Grose.
246 3 0 _aAmerica's secret war behind the Iron Curtain.
260 _aBoston;
_aNew York :
_bHoughton Mifflin Company,
_c2000.
300 _aix, 256 p., [4] p. of plates :
_bill., map. ;
_c24 cm.
440 0 _aMariner Books
500 _a" A New York Times notable book" cover
504 _aIncludes bibliographical references (p.225- 239) and index.
505 0 _aAn iron curtain over europe, p.11 -- Washington at peace, p.53 -- Political warfare, p.87 -- Guerrillas, sabotage, and subversion, p.121 -- Aftermath, p.193.
650 0 _aKennan, George F.
_q(George Frost),
_d1904-2005.
650 0 _aCold war.
650 0 _aEspionage, American
_zCommunist countries
_xHistory.
650 0 _aSabotage
_zCommunist countries
_xHistory.
650 0 _aSubversive activities
_zCommunist countries
_xHistory.
651 0 _aUnited States
_xForeign relations
_zSoviet Union.
651 0 _aSoviet Union
_xForeign relations
_zUnited States..
651 0 _aUnited States
_xForeign relations
_y1945-1989.
651 0 _aUnited State
_xForeign relations
_zCommunist countries.
651 0 _aCommunist countries
_xForeign relations
_zUnited States.
856 4 1 _3Sample text
_uhttp://www.loc.gov/catdir/samples/hm051/99089830.html
856 4 2 _3Book review (H-Net)
_uhttp://www.h-net.org/review/hrev-a0b7u7-aa
856 4 2 _3Publisher description
_uhttp://www.loc.gov/catdir/description/hm022/99089830.html
925 0 _aacquire
_b2 shelf copies
_xpolicy default
942 _2lcc
_cbk
994 _aC0
_bDRFGD
999 _c4571
_d4571